CTFxC Quiz Stats

Quiz not verified by Sporcle

Challenge
Share
Tweet
Embed
Score 0/10 Timer 10:00
0 Plays Today
Hint Answer % Correct
The band Charles is inWe The Kings
96.6%
His ex(?)wifealli
92.1%
The state he lives inflorida
91%
Charles last nameTrippy
89.9%
How many brain surgerys?two
82%
Charles sisterMelissa
79.8%
dogs' nameszoey and Marley
73%
CTFxC stands for...Charles Trippy Friend Core
62.9%
What's in his brain?cancer
43.8%
Dad's nameChaz Trippy
43.8%

You're not logged in!

Compare scores with friends on all Sporcle quizzes.
Sign Up with Email
OR
Log In

You Might Also Like...

Show Comments

Extras

Top Quizzes Today


Score Distribution

Your Account Isn't Verified!

In order to create a playlist on Sporcle, you need to verify the email address you used during registration. Go to your Sporcle Settings to finish the process.